000 01821nam a22002657a 4500
003 Uzh_bibl
008 260514b |||||||| |||| 00| 0 ukr d
020 _a978-617-07-0573-0
_c50.40
040 _bукр.
041 _2eng
_aukr
080 _a821(410)
090 _a821(410)
_bБ 88
100 _aБронте,Емілі
245 _aБуремний перевал
_cпер.з англ. Елли Євтушенко
_hТекст
260 _aКиїв
_bЗнання
_c2018
300 _a414 с.
_fВ опр.
490 _aСерія "ENGLISH LIBRARY"
520 _a"Буремний перевал"-єдиний роман відомої англійської письменниці Емілі Бронте (1818-1848) написаний нею у віці 29 років,що назавжди увійшов у скарбницю світової літератури,був неодноразово екранізований і включений мало не до всіх списків кращих та рекомендованих книг. Історія життя та кохання Хіткліффа і Кетрін -сильних духом,емоційних особистостей,здатних до рішучих вчинків,полонить і вражає шквалом пристрастей.Однак на розтривоженого буремними подіями читача чекають незабутні враження та щасливий кінець.
521 _aДля широкого кола читачів
546 _aукр.
650 _aЛітературно-художнє видання
653 _aІсторія життя
_aШквал пристрастей
_aВідносини
655 _aПроза
_vРоман
942 _2udc
_cBK
999 _c17764
_d17764